Catálogo

MEDIOS DE PROTECCION PARA LA HORTOFLOROFRUTICULTURA Y EL VIVERISMO (Registro nro. 50465)

Detalles MARC
000 -LEADER
fixed length control field 01177nam a2200217 a 4500
001 - CONTROL NUMBER
control field 50465
005 - DATE AND TIME OF LATEST TRANSACTION
control field 20180714035533.0
008 - FIXED-LENGTH DATA ELEMENTS--GENERAL INFORMATION
fixed length control field 140415s2000 sp 000 0 spa d
020 ## - INTERNATIONAL STANDARD BOOK NUMBER
International Standard Book Number 8471149354
041 ## - LANGUAGE CODE
Language code of text/sound track or separate title spa
082 ## - DEWEY DECIMAL CLASSIFICATION NUMBER
Classification number 635.6
Item number TES
100 1# - MAIN ENTRY--PERSONAL NAME
Personal name TESI, ROMANO
245 10 - TITLE STATEMENT
Title MEDIOS DE PROTECCION PARA LA HORTOFLOROFRUTICULTURA Y EL VIVERISMO
250 ## - EDITION STATEMENT
Edition statement 1a ed.
260 ## - PUBLICATION, DISTRIBUTION, ETC.
Place of publication, distribution, etc. ESPAÑA :
Name of publisher, distributor, etc. EDICIONES MUNDI-PRENSA,
Date of publication, distribution, etc. 2000
300 ## - PHYSICAL DESCRIPTION
Extent 255
Dimensions 16.5 x 1.3 x 23.5
490 ## - SERIES STATEMENT
Series statement AVANCES EN HIDRAULICA
500 ## - GENERAL NOTE
General note TRADUCCION DE MEZZI DI PROTEZIONE PER L ORTOFLOROFRUTTICOL
520 ## - SUMMARY, ETC.
Summary, etc. LOS MEDIOS DE PROTECCION UTILIZADOS EN LOS CULTIVOS PARA LA DEFENSA EL SEMIFORZADO Y EL FORZADO SE HAN DIFUNDIDO RAPIDAMENTE EN LA HORTICULTURA Y EN LA FLORICULTURA MODERNAS A PARTIR DE 1955-1960, INTRODUCIENDOSE TAMBIEN MAS TARDE EN LA FRUTICULTURA, PARTICULARMENTE EN LA UVA DE MESA, EL MELOCOTONERO Y LOS CITRICOS. LA CRECIENTE DEMANDA DE PRODUCTOS HORTICOLAS Y FLORALES FUERA DE ESTACION NO SOLAMENTE DE ESPECIES ORNAMENTALES ORIGINARIAS DE ZONAS DE CLIMA TROPICAL HA CONDUCIDO A LA UTI
650 14 - SUBJECT ADDED ENTRY--TOPICAL TERM
Topical term or geographic name entry element FLORICULTURA
General subdivision CULTIVO
-- HORTICULTURA
-- VIVEROS(HORTICULTURA)
Existencias
Withdrawn status Lost status Source of classification or shelving scheme Damaged status Not for loan Collection code Home library Current library Shelving location Date acquired Source of acquisition Inventory number Total Checkouts Full call number Barcode Date last seen Price effective from Koha item type
    Dewey Decimal Classification     General Biblioteca Karol Wojtyla Biblioteca Karol Wojtyla Sala general 03/12/2013 Compra 151000000000000000011595   635.6 TES 75224 05/01/2026 03/12/2013 Libro